000 00465nam a2200181Ia 4500
001 25333
005 20260414151143.0
008 260414t2011||||xx |||||||||||||| ||spa||
041 _aESP
082 _a346.5
_bA72 T. 3
100 _aArias Schreiber Pezet, Max
_eAUT
245 0 _aExégesis del código civil peruano de 1984 :
_btomo 3: derechos reales
260 _c2011
300 _a
_c25 cm.
650 _aDER
654 _aCDE
942 _cLIB
_dJUS
_fJUS
_2ddc
_n
999 _c25333
_d25333